|
|
|
|
| LEADER |
01209nam a2200289 a 4500 |
| 001 |
13136117 |
| 008 |
091025r20052004njua b 001 0 eng d |
| 010 |
|
|
|a 2003048622
|
| 020 |
|
|
|a 9788129702296
|
| 020 |
|
|
|a 8129702290
|
| 020 |
|
|
|a 0131011405
|
| 040 |
|
|
|a DLC
|c DLC
|d DLC
|
| 082 |
0 |
0 |
|a 621.31/7
|2 21
|
| 100 |
1 |
|
|a Rashid, M. H.
|
| 245 |
1 |
0 |
|a Power electronics :
|b circuits, devices, and applications /
|c Muhammad H. Rashid.
|
| 250 |
|
|
|a 3rd ed.
|
| 260 |
|
|
|a Upper Saddle River, N.J.:
|a New Delhi :
|b Pearson/Prentice Hall,
|c c2004.[reprinted 2005]
|
| 300 |
|
|
|a xxiv, 880 p. :
|b ill. ;
|c 24 cm.
|
| 500 |
|
|
|a Low Price Edition
|
| 504 |
|
|
|a Includes bibliographical references (p. 860-862) and index.
|
| 541 |
1 |
|
|e 00019458
|
| 650 |
|
0 |
|a Power electronics.
|
| 852 |
4 |
|
|a Ayesha Abed Library
|j General Shelf.
|
| 942 |
0 |
0 |
|0 2
|
| 999 |
|
|
|c 4817
|d 4817
|
| 952 |
|
|
|0 0
|1 0
|2 ddc
|4 0
|6 621_317000000000000_RAS_2005
|7 0
|9 4636
|a BRACUL
|b BRACUL
|c GEN
|d 2009-10-24
|g 490.00
|l 8
|m 55
|o 621.317 RAS
|p 3010019458
|r 2025-09-18
|s 2025-06-18
|t 1
|v 980.00
|w 2009-10-25
|y BK
|
| 952 |
|
|
|0 0
|1 0
|2 ddc
|4 0
|6 621_317000000000000_RAS_2005
|7 0
|9 10742
|a BRACUL
|b BRACUL
|c GEN
|d 2010-06-08
|l 5
|m 37
|o 621.317 RAS
|p 3010018047
|r 2018-05-28
|s 2018-05-21
|t 2
|w 2010-06-08
|y BK
|